Eastern Utah Libraries Catalog: Duchesne, Heber, Roosevelt, & Vernal

The road to tender hearts : (Record no. 416680)

MARC details
000 -LEADER
fixed length control field 02568nam a2200349 i 4500
001 - CONTROL NUMBER
control field in902956747
003 - CONTROL NUMBER IDENTIFIER
control field Ingram
005 - DATE AND TIME OF LATEST TRANSACTION
control field 20260225091818.0
008 - FIXED-LENGTH DATA ELEMENTS--GENERAL INFORMATION
fixed length control field 250328t20252025nyub 000 1 eng d
020 ## - INTERNATIONAL STANDARD BOOK NUMBER
International Standard Book Number 9780593873441
Qualifying information (hbk. ;
-- alk. paper)
035 ## - SYSTEM CONTROL NUMBER
System control number (OCoLC)1455748148
040 ## - CATALOGING SOURCE
Original cataloging agency TnLvILS
Language of cataloging eng
Description conventions rda
Transcribing agency TnLvILS
043 ## - GEOGRAPHIC AREA CODE
Geographic area code n-us-ma
050 #4 - LIBRARY OF CONGRESS CALL NUMBER
Classification number PS3608.A74936
Item number R82 2025
082 04 - DEWEY DECIMAL CLASSIFICATION NUMBER
Classification number 813/.6
Edition number 23/eng/20250328
100 1# - MAIN ENTRY--PERSONAL NAME
Personal name Hartnett, Annie,
Relator term author.
9 (RLIN) 6405123
245 14 - TITLE STATEMENT
Title The road to tender hearts :
Remainder of title a novel /
Statement of responsibility, etc Annie Hartnett.
250 ## - EDITION STATEMENT
Edition statement First edition.
264 #1 - Production, Publication, Distribution, Manufacture, and Copyright Notice.
Place of production, publication, distribution, manufacture New York, NY :
Name of producer, publisher, distributor, manufacturer Ballantine Books,
Date of production, publication, distribution, manufacture, or copyr [2025]
264 #4 - Production, Publication, Distribution, Manufacture, and Copyright Notice.
Date of production, publication, distribution, manufacture, or copyr �2025
300 ## - PHYSICAL DESCRIPTION
Extent 369 pages :
Other physical details map ;
Dimensions 25 cm
336 ## - Content Type
Content type term text
337 ## - Media type
Media type term unmediated
338 ## - Carrier type
Carrier type term volume
520 ## - SUMMARY, ETC.
Summary, etc "At sixty-three years old, million-dollar lottery winner PJ Halliday would be the luckiest man in Pondville, Massachusetts, if it weren't for the tragedies of his life: the sudden death of his eldest daughter and the way his marriage fell apart after that. Since then, PJ spends both his money and his time at the bar, and he probably doesn't have much time left--he's had three heart attacks already. But when PJ reads the obituary of his old romantic rival, he realizes his high school sweetheart, Michelle Cobb, is finally single again. Filled with a new enthusiasm for life, PJ decides he's going to drive across the country to the Tender Hearts Retirement Community in Arizona to win Michelle back. Before PJ can hit the road, tragedy strikes Pondville, leaving PJ the sudden guardian of his estranged brother's grandchildren. Anyone else would be deterred from the planned trip, but PJ figures the orphaned kids might benefit from getting out of town. PJ also thinks he can ask Sophie, his adult daughter who's adrift in her twenties, to come along to babysit. And there's one more surprise addition to the roster: Pancakes, a former nursing home therapy cat with a knack of predicting death, who recently turned up outside PJ's home. This could be the second chance PJ has long hoped for--a fresh shot at love and parenting--but does he have the strength to do both those things again? It's very possible his heart can't take it."--Provided by publisher.
650 #0 - SUBJECT ADDED ENTRY--TOPICAL TERM
Topical term or geographic name as entry element Middle-aged men
Form subdivision Fiction.
9 (RLIN) 5731568
650 #0 - SUBJECT ADDED ENTRY--TOPICAL TERM
Topical term or geographic name as entry element Life change events
Form subdivision Fiction.
9 (RLIN) 5674438
650 #0 - SUBJECT ADDED ENTRY--TOPICAL TERM
Topical term or geographic name as entry element Orphans
Form subdivision Fiction.
9 (RLIN) 5673861
650 #0 - SUBJECT ADDED ENTRY--TOPICAL TERM
Topical term or geographic name as entry element Families
Form subdivision Fiction.
9 (RLIN) 5674501
655 #7 - INDEX TERM--GENRE/FORM
Genre/form data or focus term Road fiction.
Source of term lcgft
9 (RLIN) 102706
655 #7 - INDEX TERM--GENRE/FORM
Genre/form data or focus term Humorous fiction.
Source of term lcgft
Holdings
Withdrawn status Lost status Source of classification or shelving scheme Damaged status Not for loan Collection code Home library Current library Shelving location Date acquired Source of acquisition Total Checkouts Total Renewals Full call number Barcode Checked out Date last seen Date checked out Cost, replacement price Price effective from Koha item type
    Dewey Decimal Classification     Fiction Wasatch County Library Wasatch County Library First Floor 03/03/2026 Ingram 1 1 F Hartnett 34301002180752 05/08/2026 03/10/2026 03/10/2026 29.00 03/03/2026 BOOK
This project was made possible through a grant from the Institute of Museum and Library Service administered by the Utah State Library Division.

Wasatch County Library

  • 465 East 1200 South, Heber City, Utah 84032
  • Phone 435-654-1511 | Fax 435-654-6456

Hours

  • Monday - Friday 9:30 AM - 8:00 PM
  • Saturday 9:30 AM - 1:30 PM
  • Closed Sundays and Holidays